| Tag |
First Indicator |
Second Indicator |
Subfields |
| LEADER |
00000cam a22000001 4500 |
| 001 |
in00000459713 |
| 005 |
20151012093708.0 |
| 008 |
760422s1970 nju 00000 eng |
| 010 |
|
|
|a 70113049
|
| 020 |
|
|
|a 0133512053
|c 6.95
|
| 035 |
|
|
|a (OCoLC)00165370
|
| 035 |
|
|
|9 ABY8717AM
|
| 040 |
|
|
|a DLC
|c DLC
|d TXA
|d UtOrBLW
|
| 049 |
|
|
|a TXAM
|c [1321217]
|
| 050 |
0 |
0 |
|a HQ773.5
|b .G75
|
| 100 |
1 |
|
|a Grost, Audrey.
|
| 245 |
1 |
0 |
|a Genius in residence.
|
| 264 |
|
1 |
|a Englewood Cliffs, N.J. :
|b Prentice-Hall,
|c [1970]
|
| 300 |
|
|
|a 224 pages ;
|c 24 cm.
|
| 336 |
|
|
|a text
|b txt
|2 rdacontent
|
| 337 |
|
|
|a unmediated
|b n
|2 rdamedia
|
| 338 |
|
|
|a volume
|b nc
|2 rdacarrier
|
| 650 |
|
0 |
|a Gifted children.
|
| 999 |
|
|
|a MARS
|
| 999 |
f |
f |
|s 9b654db9-7085-332a-98a0-47bf82fa060d
|i a6fb7523-04a6-31bd-8826-10104c4c8442
|t 0
|
| 952 |
f |
f |
|p ric
|a Texas A&M University
|b Rellis Campus
|c Joint Library Facility
|d Remote Storage
|t 0
|e HQ773.5 .G75
|h Library of Congress classification
|i unmediated -- volume
|m A14802967946
|
| 998 |
f |
f |
|a HQ773.5 .G75
|t 0
|l Remote Storage
|